|
|
|
|
| LEADER |
00851nab a2200205 i 4500 |
| 001 |
misc8109 |
| 005 |
20191106144000.0 |
| 008 |
170607s1905 hu o 0|| hun d |
| 022 |
|
|
|a 0025-0260
|
| 040 |
|
|
|a SZTE Miscellanea Repozitórium
|b hun
|
| 041 |
|
|
|a hun
|
| 100 |
1 |
|
|a Téri József
|
| 245 |
1 |
0 |
|a Lehrproben und Lehrgänge aus der Praxis der Gymnasien und Realschulen, hrsg. Prof. Dr. N. Fries, Prog. R. Menge
|h [elektronikus dokumentum] :
|b 1905., 1. u. 2. Heft /
|c Téri József
|
| 260 |
|
|
|c 1905
|
| 300 |
|
|
|a 443-445
|
| 490 |
0 |
|
|a Magyar pedagógia : a Magyar Tudományos Akadémia Pedagógiai Bizottságának folyóirata
|v 14
|
| 695 |
|
|
|a Pedagógiai szakirodalom külföldi szemle 1905, Lapszemle
|
| 700 |
0 |
1 |
|a Menge R.
|e aut
|
| 700 |
0 |
1 |
|a Fries Wilhelm
|e aut
|
| 856 |
4 |
0 |
|u http://misc.bibl.u-szeged.hu/8109/1/mp_1905_1056_443-445.pdf
|z Dokumentum-elérés
|